<?xml version="1.0" encoding="UTF-8"?>
<record
    xmlns:xsi="http://www.w3.org/2001/XMLSchema-instance"
    xsi:schemaLocation="http://www.loc.gov/MARC21/slim http://www.loc.gov/standards/marcxml/schema/MARC21slim.xsd"
    xmlns="http://www.loc.gov/MARC21/slim">

  <leader>02195nam a22002297a 4500</leader>
  <controlfield tag="005">20250212104524.0</controlfield>
  <controlfield tag="008">250212b           ||||| |||| 00| 0 eng d</controlfield>
  <datafield tag="020" ind1=" " ind2=" ">
    <subfield code="a">9781138294103</subfield>
  </datafield>
  <datafield tag="040" ind1=" " ind2=" ">
    <subfield code="c">AL</subfield>
  </datafield>
  <datafield tag="041" ind1=" " ind2=" ">
    <subfield code="a">eng</subfield>
  </datafield>
  <datafield tag="082" ind1=" " ind2=" ">
    <subfield code="2">23</subfield>
    <subfield code="a">155</subfield>
    <subfield code="b">MITF</subfield>
  </datafield>
  <datafield tag="100" ind1=" " ind2=" ">
    <subfield code="a">Peter Mitchell</subfield>
    <subfield code="9">199307</subfield>
  </datafield>
  <datafield tag="245" ind1=" " ind2=" ">
    <subfield code="a">Fundamentals of developmental psychology</subfield>
  </datafield>
  <datafield tag="250" ind1=" " ind2=" ">
    <subfield code="a">2nd ed.</subfield>
  </datafield>
  <datafield tag="260" ind1=" " ind2=" ">
    <subfield code="a">New York</subfield>
    <subfield code="b">Psychology Press</subfield>
    <subfield code="c">2017</subfield>
  </datafield>
  <datafield tag="300" ind1=" " ind2=" ">
    <subfield code="a">xiii,308p</subfield>
    <subfield code="b">PB</subfield>
    <subfield code="c">23x18cm.</subfield>
  </datafield>
  <datafield tag="365" ind1=" " ind2=" ">
    <subfield code="2">General</subfield>
    <subfield code="a">6385</subfield>
    <subfield code="b">&#x20B9;876.00</subfield>
    <subfield code="c">&#x20B9;</subfield>
    <subfield code="d">&#x20B9;1095.00</subfield>
    <subfield code="e">20%</subfield>
    <subfield code="f">6/02/2025</subfield>
  </datafield>
  <datafield tag="520" ind1=" " ind2=" ">
    <subfield code="a">This new edition of the highly successful Fundamentals of Development: The Psychology of Childhood has been thoroughly revised and updated to reflect the exciting new findings in the thriving area of developmental psychology.The book addresses a number of fascinating questions including: Are children born good or bad What do children understand about the mind? What roles do nature and nurture play in child development As in the previous edition, the book follows a thematic approach and outlines the main areas of developmental psychology, including classic theories and studies, and offers a broad overview of contemporary research in the field.  Each chapter addresses a key topic &#x2013; such as theory of mind, attachment, and moral development - and is self-contained and comprehensive in its coverage. New chapters in this edition include a detailed look at methods in developmental psychology, an overview of developmental disorders, and an introduction to the burgeoning area of numerical development.

The book is student-friendly, with all topics described in straightforward language, illustrated in full colour, and organized as standalone chapters. The text will make an excellent companion to introductory courses on developmental psychology, and for instructors there are high-quality lecture slides, and a bank of multiple choice questions. The text is written to be both accessible and comprehensive, and to provide an engaging overview for students and professionals who have little or no background in this area.</subfield>
  </datafield>
  <datafield tag="650" ind1=" " ind2=" ">
    <subfield code="2">Psychology</subfield>
    <subfield code="a">Developmental Psychology</subfield>
    <subfield code="9">199308</subfield>
  </datafield>
  <datafield tag="700" ind1=" " ind2=" ">
    <subfield code="a">Ziegler, Fenja</subfield>
    <subfield code="9">199309</subfield>
  </datafield>
  <datafield tag="942" ind1=" " ind2=" ">
    <subfield code="2">ddc</subfield>
    <subfield code="c">BK</subfield>
  </datafield>
  <datafield tag="999" ind1=" " ind2=" ">
    <subfield code="c">233757</subfield>
    <subfield code="d">233757</subfield>
  </datafield>
  <datafield tag="952" ind1=" " ind2=" ">
    <subfield code="0">0</subfield>
    <subfield code="1">0</subfield>
    <subfield code="2">ddc</subfield>
    <subfield code="4">0</subfield>
    <subfield code="7">0</subfield>
    <subfield code="8">CPSY</subfield>
    <subfield code="a">SACPG</subfield>
    <subfield code="b">SACPG</subfield>
    <subfield code="d">2025-02-10</subfield>
    <subfield code="e">Biblios Book Point</subfield>
    <subfield code="g">876.00</subfield>
    <subfield code="l">0</subfield>
    <subfield code="o">155 MITF</subfield>
    <subfield code="p">PG024889</subfield>
    <subfield code="r">2025-02-12 00:00:00</subfield>
    <subfield code="v">1095.00</subfield>
    <subfield code="w">2025-02-12</subfield>
    <subfield code="y">BK</subfield>
  </datafield>
</record>
